| 000 | 01519nam a2200361 a 4500 | ||
|---|---|---|---|
| 001 | ebr10132944 | ||
| 003 | CaPaEBR | ||
| 006 | m u | ||
| 007 | cr cn||||||||| | ||
| 008 | 060403s2006 enka fsb 001 0 eng | ||
| 010 | _z 2006295870 | ||
| 015 |
_aGBA542523 _2bnb |
||
| 016 | 7 |
_z013200670 _2Uk |
|
| 020 | _z1845110250 (hbk.) | ||
| 020 | _z1845111036 (pbk.) | ||
| 040 |
_aCaPaEBR _cCaPaEBR |
||
| 035 | _a(OCoLC)67551432 | ||
| 050 | 1 | 4 |
_aPN1995.9.P6 _bD53 2006eb |
| 082 | 0 | 4 |
_a791.43/658 _222 |
| 100 | 1 | _aDickenson, Ben. | |
| 245 | 1 | 0 |
_aHollywood's new radicalism _h[electronic resource] : _bwar, globalisation and the movies from Reagan to George W. Bush / _cBen Dickenson. |
| 260 |
_aLondon ; _aNew York : _bI.B. Tauris ; _aNew York, NY : _bIn the United States and Canada distributed by Palgrave Macmillan, _c2006. |
||
| 300 |
_axvi, 216 p. : _bill. |
||
| 490 | 1 | _aCinema and society series | |
| 504 | _aIncludes bibliographical references (p. [203]-211) and index. | ||
| 533 |
_aElectronic reproduction. _bPalo Alto, Calif. : _cebrary, _d2013. _nAvailable via World Wide Web. _nAccess may be limited to ebrary affiliated libraries. |
||
| 650 | 0 |
_aMotion pictures _xPolitical aspects _zUnited States. |
|
| 650 | 0 |
_aMotion picture industry _zUnited States. |
|
| 655 | 7 |
_aElectronic books. _2local |
|
| 710 | 2 | _aebrary, Inc. | |
| 830 | 0 | _aCinema and society. | |
| 856 | 4 | 0 |
_uhttp://site.ebrary.com/lib/rucke/Doc?id=10132944 _zAn electronic book accessible through the World Wide Web; click to view |
| 999 |
_c182553 _d182553 |
||